Responses for show #5115 - Friday, December 1, 2006

Contestants

[<< previous game]

Sean Dillon, a college instructor from Pasadena, California

Terry Pflaumer, a foreign service officer from Fairfax, Virginia

Lynne Sherwin, a features editor from Akron, Ohio (whose 1-day cash winnings total $22,301)

[next game >>]

Jeopardy! Round responses

NATIONAL COATS OF ARMS
CHICO, HARPO OR GROUCHO
MOUSE PADS
ALSO A PRESIDENTIAL NAME
(Alex: [As Bugs Bunny] Aaaaaah...)
WHAT'S UP, CLOCK?
"AMP" IT UP
    $200 4
a maple leaf

Lynne
    $200 17
Groucho

Terry
    $200 7
Baker Street

Lynne
    $200 15
the bush

Lynne
    $200 26
hickory dickory dock

Sean
    $200 1
an ampersand

Sean
    $400 9
Liberia

Terry
    $400 18
Harpo

Sean
    $400 8
the Dormouse

Terry
    $400 22
Cleveland

Lynne
    $400 27
the crocodile

Terry
    $400 2
an amphitheater

Lynne
    $600 10
Norway

Sean
    $600 19
Groucho

Sean
    $600 11
The Princess Bride

Sean
    $600 23
Hoover

Lynne
    $600 28
a biological clock

Sean
    $600 3
amphibious

Terry
    $800 13
the Czech Republic

Terry
    $800 20
Harpo

Sean
    $800 12
(Lynne: Who is Stuart Little?)

Mighty Mouse

LynneTerry
    $800 24
pierce

Triple Stumper
    $800 29
(Sean: What's a glockenspiel?)

a cuckoo clock

LynneSean
    $800 5
amplitude

Sean
    $1,000 14
Spain

Terry
    $1000 21
Chico

Terry
    $1000 16
The City Mouse and the Country Mouse

Sean
    $1000 25
to grant

Sean
    $1000 30
a pendulum

Sean
    $1000 6
(André-Marie) Ampère

Lynne

Scores at the first commercial break (after clue 15):

Lynne Terry Sean
$1,200 $4,000 $2,200

Scores at the end of the Jeopardy! Round:

Lynne Terry Sean
$3,000 $5,600 $7,000

Double Jeopardy! Round responses

THE DUTCH ROYAL FAMILY
THE DONALD
'90s POP CULTURE
LIGHTHOUSES
(Alex: One word in each clue will also be found...)
IN THE MIDDLE OF THE STATE
THE QUOTABLE FRAN LEBOWITZ
    $400 18
Amsterdam

Sean
    $400 21
pants

Sean
    $400 1
Ken

Sean
    $400 6
Amelia Earhart

Lynne
    $400 9
Mississippi

Sean
    $400 14
a tail

Lynne
    $800 19
Mauritius

Sean
    $800 22
"Deke"

Sean
    $800 2
Ginger

Terry
    $800 7
the Coast Guard

Terry
    $800 10
(Alex: Gets tougher after the first one.)

Delaware

Triple Stumper
    $800 15
your guts

Lynne
    $4,000 20
(Sean: I'm sorry.)
(Alex: The Dutch Royal Family--the Prince of [*]--the House of [*].)

Orange

Sean
    $1200 23
The Yearling

Lynne
    $1200 3
Private Parts

Sean
    $1200 8
Kauai

Sean
    $1200 11
Nevada

Sean
    $1200 16
room service

Sean
    $1600 29
The Hague

Terry
    $1600 27
(Terry: What's a cloud chamber?)
...
(Alex: Not a cloud chamber but [*].)

a bubble chamber

Terry
Triple Stumper
    $1600 4
(Sean: What is the Addams Family?)
(Alex: Be more specific--we need first names.)
(Sean: Who are [*]?)

Gomez & Morticia Addams

Sean
    $1600 17
Florida

Terry
    $1600 12
(Alex: Go west, young man, go west to [*].)

Washington

Triple Stumper
    $1600 24
art

Lynne
    $2000 30
(Sean: Who is Beatrix?)

Wilhelmina

TerrySean
    $2000 28
Jessica Fletcher

Lynne
    $2000 5
Milli Vanilli

Lynne
    $2000 26
James Oglethorpe

Triple Stumper
    $3,000 13
Wisconsin

Sean
    $2000 25
carrots

Sean

Scores at the end of the Double Jeopardy! Round:

Lynne Terry Sean
$11,400 $10,800 $15,600

[wagering suggestions for these scores]

Final Jeopardy! Round responses

BROADCASTING FIRSTS
(Alex: He wound up having to be very creative because there were no words for a lot of football expressions--first downs, things like that.)
TerryWhat is Navajo?
$5,000
LynneWhat is Spanish
$4,202
SeanWhat is Navajo?
$7,500
Navajo

Final scores:

Lynne Terry Sean
$7,198 $15,800 $23,100
3rd place: $1,000 2nd place: $2,000 New champion: $23,100

Game dynamics:

Coryat scores:

Lynne Terry Sean
$11,400 $10,800 $18,600
15 R,
1 W
14 R
(including 1 DD),
1 W
25 R
(including 1 DD),
3 W
(including 1 DD)

Combined Coryat: $40,800

The J! Archive is created by fans, for fans. The Jeopardy! game show and all elements thereof, including but not limited to copyright and trademark thereto, are the property of Jeopardy Productions, Inc. and are protected under law. This website is not affiliated with, sponsored by, or operated by Jeopardy Productions, Inc. Join the discussion at JBoard.tv.